|
|
|
|
| LEADER |
01128nam a2200277 u 4500 |
| 001 |
10020613 |
| 003 |
upatras |
| 005 |
20210117205446.0 |
| 008 |
990226s1997 uk eng |
| 020 |
|
|
|a 0077092317
|
| 040 |
|
|
|a GR-PaULI
|c GR-PaULI
|
| 041 |
0 |
|
|a eng
|
| 082 |
0 |
4 |
|a 337.142
|
| 100 |
1 |
|
|a Drud Hansen, Jorgen
|9 144809
|
| 245 |
1 |
0 |
|a An economic analysis of the EU
|c Jorgen Drud Hansen and Jorgen Ulff - Moller Nielsen; translated from the Danish by Halfdan Johnson
|
| 250 |
|
|
|a 2nd edition
|
| 260 |
|
|
|a London
|b McGraw - Hill Companies
|c 1997
|
| 300 |
|
|
|a xiii, 212 p.
|b fig., tab.
|c 23 cm.
|
| 504 |
|
|
|a Includes bibliography and index
|
| 700 |
1 |
|
|a Johnson, Halfdan
|4 trl
|9 144810
|
| 852 |
|
|
|a GR-PaULI
|b ΠΑΤΡΑ
|b ΒΚΠ
|k ΑΣΧΞ
|h 337.142 HAN
|m 041047
|p 025000004097
|t 1
|
| 852 |
|
|
|a GR-PaULI
|b ΠΑΤΡΑ
|b ΒΚΠ
|b ΒΣ1
|k ΑΣΧΞ
|h 337.142 H
|m 053810
|p 025000072638
|t 2
|
| 942 |
|
|
|2 ddc
|c BK15
|
| 952 |
|
|
|0 0
|1 0
|4 0
|6 337_142000000000000_HAN
|7 0
|9 180480
|a LISP
|b LISP
|d 2016-04-24
|i 041047
|l 0
|o 337.142 HAN
|p 025000004097
|r 2016-04-24 00:00:00
|t 1
|w 2016-04-24
|y BK15
|
| 998 |
|
|
|c ΗΛΙΟΠΟΥΛΟΥ
|d 1999-02
|
| 999 |
|
|
|c 111590
|d 111590
|